| 000 | 00501nam a2200181 i 4500 | ||
|---|---|---|---|
| 001 | 69497 | ||
| 003 | ES-MaACL | ||
| 005 | 20250522063045.0 | ||
| 007 | t| | ||
| 008 | 040706s1985 sp ||||1| spa d | ||
| 020 | _a84-86497-00-0 | ||
| 100 | 1 |
_aCotarelo, Ramón, _d1943- _941166 |
|
| 245 | 1 | 4 |
_aLos partidos políticos / _cRamón García Cotarelo. |
| 260 |
_aMadrid : _bSistema, _c[1985] |
||
| 300 |
_a277 p. ; _c23 cm. |
||
| 852 |
_aES-MaACL _jL-9401 _bR.111268 |
||
| 999 |
_c69497 _d69497 |
||